Belia & patriotisme Malaysia

Bibliographic Details
Format: Book
Published: Melaka : IKSEP , 2005
Subjects:

MARC

LEADER 00000cam a2200000 7i4500
001 0000038686
005 20131119.0
008 131119
020 |a 9832600146 
090 0 0 |a 305.23509595   |b BEL 
245 1 0 |a Belia & patriotisme Malaysia 
260 |a Melaka :   |b IKSEP ,   |c 2005 
650 0 |a Youth Malaysia Societies and clubs 
650 0 |a Youth movement Malaysia 
999 |a 0001227384   |b Book   |c Adult Collection   |e Perbadanan Perpustakaan Awam Johor